<?xml version="1.0" encoding="UTF-8"?><marc:collection xmlns:marc="http://www.loc.gov/MARC21/slim">
  <marc:record>
    <marc:leader>00000nas  2200000za 4500</marc:leader>
    <marc:controlfield tag="001">9.503384</marc:controlfield>
    <marc:controlfield tag="003">CaOODSP</marc:controlfield>
    <marc:controlfield tag="005">20250627125023</marc:controlfield>
    <marc:controlfield tag="007">cr |||||||||||</marc:controlfield>
    <marc:controlfield tag="008">150406c20009999oncar p o    f0   b0fre|d</marc:controlfield>
    <marc:datafield tag="020" ind1=" " ind2=" ">
      <marc:subfield code="z">0-662-66058-7</marc:subfield>
      <marc:subfield code="z">0-622-65263-0</marc:subfield>
      <marc:subfield code="z">0-662-66928-2</marc:subfield>
      <marc:subfield code="z">0-662-67710-2</marc:subfield>
      <marc:subfield code="z">0-662-68391-9</marc:subfield>
      <marc:subfield code="z">0-662-69437-6</marc:subfield>
      <marc:subfield code="z">978-0-662-69723-7</marc:subfield>
      <marc:subfield code="z">978-0-662-05146-6</marc:subfield>
    </marc:datafield>
    <marc:datafield tag="022" ind1=" " ind2=" ">
      <marc:subfield code="a">1920-6895</marc:subfield>
    </marc:datafield>
    <marc:datafield tag="040" ind1=" " ind2=" ">
      <marc:subfield code="a">CaOODSP</marc:subfield>
      <marc:subfield code="b">fre</marc:subfield>
    </marc:datafield>
    <marc:datafield tag="043" ind1=" " ind2=" ">
      <marc:subfield code="a">n-cn---</marc:subfield>
    </marc:datafield>
    <marc:datafield tag="086" ind1="1" ind2=" ">
      <marc:subfield code="a">FA1-3F-PDF</marc:subfield>
      <marc:subfield code="z">FA3-22/2000</marc:subfield>
      <marc:subfield code="z">FA3-22/2001</marc:subfield>
      <marc:subfield code="z">FA3-22/2002</marc:subfield>
      <marc:subfield code="z">FA3-22/2003</marc:subfield>
      <marc:subfield code="z">FA1-3/2004</marc:subfield>
      <marc:subfield code="z">FA1-3/2005</marc:subfield>
      <marc:subfield code="z">FA1-3/2006</marc:subfield>
      <marc:subfield code="z">FA1-3/2007</marc:subfield>
    </marc:datafield>
    <marc:datafield tag="110" ind1="1" ind2=" ">
      <marc:subfield code="a">Canada. </marc:subfield>
      <marc:subfield code="b">Bureau du vérificateur général.</marc:subfield>
    </marc:datafield>
    <marc:datafield tag="245" ind1="1" ind2="2">
      <marc:subfield code="a">L'équité en matière d'emploi, Bureau du vérificateur général du Canada </marc:subfield>
      <marc:subfield code="h">[ressource électronique] : </marc:subfield>
      <marc:subfield code="b">rapport annuel.</marc:subfield>
    </marc:datafield>
    <marc:datafield tag="260" ind1=" " ind2=" ">
      <marc:subfield code="a">[Ottawa] : </marc:subfield>
      <marc:subfield code="b">Bureau du vérificateur général du Canada, </marc:subfield>
      <marc:subfield code="c">c2000-</marc:subfield>
    </marc:datafield>
    <marc:datafield tag="310" ind1=" " ind2=" ">
      <marc:subfield code="a">Annuel</marc:subfield>
    </marc:datafield>
    <marc:datafield tag="362" ind1="1" ind2=" ">
      <marc:subfield code="a">Paraît depuis 1999/2000.</marc:subfield>
    </marc:datafield>
    <marc:datafield tag="500" ind1=" " ind2=" ">
      <marc:subfield code="a">Publ. aussi en anglais sous le titre : Employment equity in the Office of the Auditor General of Canada, annual report.</marc:subfield>
    </marc:datafield>
    <marc:datafield tag="691" ind1="0" ind2="7">
      <marc:subfield code="a">Équité en matière d'emploi</marc:subfield>
      <marc:subfield code="2">gcpds</marc:subfield>
    </marc:datafield>
    <marc:datafield tag="775" ind1="0" ind2="8">
      <marc:subfield code="t">Employment equity in the Office of the Auditor General of Canada </marc:subfield>
      <marc:subfield code="w">(CaOODSP)9.506992</marc:subfield>
    </marc:datafield>
    <marc:datafield tag="776" ind1="0" ind2="#">
      <marc:subfield code="t">L'équité en matière d'emploi, Bureau du vérificateur général du Canada, rapport annuel </marc:subfield>
      <marc:subfield code="w">(CaOODSP)9.801611</marc:subfield>
    </marc:datafield>
  </marc:record>
</marc:collection>
